Can You Name All of Barbie's Love Interests? - Statistics

General Stats
  • This quiz has been taken 16 times
  • The average score is 10 of 24
Answer Stats
Picture Answer % Correct
Ken
100%
Ken
100%
Derek
67%
Stefan
67%
Dominick
56%
Julian
56%
Aidan
44%
Antonio
44%
Eric
44%
Ian
44%
Louis
44%
Nicholas
44%
Carlos
33%
Daniel
33%
Jeremy
33%
Kevin
33%
Todd
33%
Delphin
22%
Hilarion
22%
Leo
22%
Liam
22%
Albrecht
11%
Dillon
11%
Wes
11%
No matching quizzes found
Score Distribution
Percent of People with Each Score
Percentile by Number Answered
Your Score History
You have not taken this quiz